|
|
|
|
| LEADER |
00610nam a22002052a 4500 |
| 001 |
000938531 |
| 003 |
CZ BrMZK |
| 005 |
20090515095000.0 |
| 007 |
ta |
| 008 |
090513s1969 xo er|||||||||||slo d |
| 040 |
|
|
|a BOA001
|b cze
|
| 100 |
1 |
|
|a Rezník, Jaroslav,
|d 1942-
|7 ola2002109920
|4 aut
|
| 245 |
1 |
0 |
|a Prijímanie /
|c Jaroslav Rezník
|
| 250 |
|
|
|a 1. vyd.
|
| 260 |
|
|
|a Banská Bystrica :
|b Stredoslovenské vydavateľstvo,
|c 1969
|
| 300 |
|
|
|a 75 s.
|
| 910 |
|
|
|a BOA001
|b 1-0623.071
|
| 990 |
|
|
|a BK
|
| 991 |
|
|
|b 200905
|
| 996 |
7 |
|
|b 2619484152
|c 1-0623.071
|l MZK
|r Sklad / do 1 hodiny
|n 1
|w 000938531
|u 000010
|a 1
|e BOA001
|j MZK50
|s A
|